LEADER 01087nam0M2200373--I450- 001 990003413120203316 005 20100615112801.0 010 $a978-88-7521-211-7 035 $a000341312 035 $aUSA01000341312 035 $a(ALEPH)000341312USA01 035 $a000341312 100 $a20100615d2009----||itac50 ba 101 $aita 102 $aIT 105 $a||||||||001yy 200 1 $aTerre in disordine$eracconti e immagini della Campania di oggi$fa cura di Maurizio Braucci e Stefano Laffi 210 $aRoma$cMinimum fax$d2009 215 $a317 p.$cill.$d19 cm 410 0$1001$12001 454 1$12001 461 1$1001-------$12001 606 0 $aCampania$xCondizioni socioeconomiche$z1960-1985$2BNCF 676 $a307.094$1Comunita. Campania 702 1$aBRAUCCIi,$bMaurizio 702 1$aLAFFI,$bStefano 801 0$aIT$bICCU$gISBD$c20100411 912 $a990003413120203316 951 $a307.094 BRA$b16690 DSSP 959 $aBK 969 $aDSSP 979 $aDSSP2$b10$c20100615$lUSA01$h1128 996 $aTerre in disordine$91125811 997 $aUNISA LEADER 01476nam0 22003373i 450 001 VAN0243497 005 20220719090013.407 017 70$2N$a9783030364083 100 $a20220322d2020 |0itac50 ba 101 $aeng 102 $aCH 105 $a|||| ||||| 200 1 $aLight Metals 2020$feditor Alan Tomsett 210 $aCham$cSpringer$d2020 215 $aXXVIII, 1367 p.$cill.$d24 cm 410 1$1001VAN0123308$12001 $aˆThe ‰Minerals, Metals & Materials Series$1210 $aCham$cSpringer$d2016- 620 $aCH$dCham$3VANL001889 676 $a546.3$cMetalli, composti metallici, leghe$v22 676 $a620.11$cMateriali dell'ingegneria$v22 676 $a620.1$cScienze dei materiali$v22 676 $a661$cChimica organica applicata$v22 702 1$aTomsett$bAlan$3VANV198644 712 $aSpringer $3VANV108073$4650 801 $aIT$bSOL$c20240614$gRICA 856 4 $uhttps://rd.springer.com/book/10.1007/978-3-030-36408-3$zE-book - Accesso al full-text attraverso riconoscimento IP di Ateneo, proxy e/o Shibboleth 899 $aBIBLIOTECA DEL DIPARTIMENTO DI SCIENZE E TECNOLOGIE AMBIENTALI BIOLOGICHE E FARMACEUTICHE$1IT-CE0101$2VAN17 912 $fN 912 $aVAN0243497 950 $aBIBLIOTECA DEL DIPARTIMENTO DI SCIENZE E TECNOLOGIE AMBIENTALI BIOLOGICHE E FARMACEUTICHE$d17CONS e-book 2221 $e17BIB2221/35 35 20220322 996 $aLight Metals 2020$92513535 997 $aUNICAMPANIA